000 00728pam a2200241 a 4500
001 2558806
005 20180202071109.0
008 950113s1995 nyua b 001 0 eng
010 _a 95003831
020 _a053111242X
040 _aDLC
_cDLC
_dDLC
041 _aeng
042 _alcac
080 _a616.99449 LAN
082 0 0 _a616.99449 LAN
_220
100 1 _a6
101 _aKAN
245 1 0 _aBreast cancer /
_cElaine Landau.
504 _aIncludes bibliographical references (p. 107-108) and index.
906 _a7
_bcbc
_corignew
_d1
_eocip
_f19
_gy-gencatlg
942 _2ddc
_cBK
999 _c41637
_d41637